Primo incontro tra Cricchetto e Finn - Cars 2 - Statistics

Statistiche generali
  • Questo quiz è stato fatto 48 volte
  • Il punteggio medio è 16 su 32
Statistiche sulle risposte
Dialogo: % Corretto
Ci
77%
Carl
67%
L'
67%
Attrezzi,
64%
Finn
64%
McMissile,
64%
sono
64%
intelligence
59%
intelligence...
59%
Non
59%
CIA...?
56%
mi
56%
sei?
54%
Tu
54%
britannica.
51%
chi
51%
con
51%
la
51%
la
51%
si
51%
beh,
46%
presentato
44%
ancora
41%
FBI,
41%
insomma...
41%
come
33%
dell'
33%
club.
31%
automobil
28%
deve:
26%
tessera
26%
avrei
23%
Nessun quiz corrispondente trovato
Distribuzione punteggi
Percentuale di utenti per punteggio
Percentile per numero di risposta
I tuoi punteggi nel tempo
Non hai fatto questo quiz